| 000 | 01931cam a2200349 i 4500 | ||
|---|---|---|---|
| 003 | SA-RiAUC | ||
| 005 | 20250611093056.0 | ||
| 008 | 250605s1989 ku g b f00000 ara c | ||
| 040 |
_aSA-JeALM _bara _cSA-RiAUC _erda |
||
| 043 | _aa-su--- | ||
| 050 | 4 | _b.K8 v.121 1989 | |
| 082 | 0 | 4 | _a338.9009531 |
| 090 |
_a338.9009531 _b ص ا ل |
||
| 100 | 1 |
_aالصالح، ناصر عبد الله عثمان، _d1362 هجري- _eمؤلف. |
|
| 245 | 1 | 0 |
_aأهمية الطرق الكمية في تحديد الاختلافات المكانية لمؤشرات التنمية في المملكة العربية السعودية / _cناصر بن عبد الله الصالح. |
| 264 | 1 |
_aالكويت : _bالجمعية الجغرافية الكويتية : _bجامعة الكويت، قسم الجغرافيا، _c1989 |
|
| 300 |
_a76 صفحة ؛ _c22 سم. |
||
| 336 |
_aنص _btxt _2rdacontent _3كتاب |
||
| 337 |
_aبدون وسيط _bn _2rdamedia |
||
| 338 |
_aمجلد _bnc _2rdacarrier |
||
| 490 | 0 |
_aرسائل جغرافية / جامعة الكويت، قسم الجغرافيا، الجمعية الجغرافية الكويتية ؛ _v121 |
|
| 500 | _aدورية علمية محكمة تعنى بالبحوث الجغرافية يصدرها قسم الجغرافيا بجامعة الكويت والجمعية الجغرافية الكويتية. | ||
| 500 | _aإهداء من المؤلف ناصر بن عبد الله الصالح بتاريخ 1409/10/24 هـ | ||
| 504 | _aببليوجرافية : صفحة 69-73. | ||
| 650 | 7 |
_aالتنمية الاقتصادية _2aucsh |
|
| 650 | 7 |
_aالجغرافيا _xأساليب إحصائية _2aucsh |
|
| 651 | 7 |
_aالسعودية _xسياسة اقتصادية _2aucsh |
|
| 651 | 7 |
_aالسعودية _xأحوال اقتصادية _2aucsh |
|
| 651 | 7 |
_aالسعودية _xالسكان _2aucsh |
|
| 942 |
_2ddc _cBOOK _n0 |
||
| 949 |
_aSA-JeALM _d250605 _umohamedma123 _n1 |
||
| 999 |
_c8832 _d8832 |
||